Lezioni Private

Saved in:
書目詳細資料
主要作者: Ecuba, Ennio
其他作者: Amoroso, Cristiano
格式: 圖書
語言:英语
標簽: 添加標簽
沒有標簽, 成為第一個標記此記錄!

MARC

LEADER 00000nam a2200000 4500
005 20240724163909.0
008 240724b |||||||| |||| 00| 0 eng d
040 |c GP 
100 |a Ecuba, Ennio 
245 |a Lezioni Private 
700 |a Amoroso, Cristiano 
942 |2 ddc  |c BK  |n 0 
952 |0 0  |1 0  |2 ddc  |4 0  |6 791_000000000000000_ECU  |7 1  |9 1685  |a RM  |b RM  |d 2024-07-24  |l 0  |o 791 ECU  |p 242  |r 2024-07-24 16:39:32  |w 2024-07-24  |y BK 
999 |c 1498  |d 1498